| 000 | 00775nam a2200205Ia 4500 | ||
|---|---|---|---|
| 001 | 5353 | ||
| 003 | GE_BSU | ||
| 008 | 181216s||||||||xx |||||||||||||| ||und|| | ||
| 040 | _cGE_BSU | ||
| 080 | _a81 | ||
| 100 | _aГинзбург, Сеймур. | ||
| 245 | _aМатематическая теория контекстносвободных языков. The Mathematical Theory of Context-Free Languages. | ||
| 245 | _cПер. с английского. Под. ред. А.В. Гладкого. | ||
| 260 | _aМосква | ||
| 260 | _bМир | ||
| 260 | _c1970 | ||
| 300 | _a326 с. 20 см. | ||
| 653 | _aМатематическая теория контекстносвободных языков. The Mathematical Theory of Context-Free Languages. | ||
| 942 | _cBK | ||
| 999 |
_c38930 _d38930 |
||